Ker-whoop, ker-whoo! : or, The Tarantula of Taos on the war-path. A tale of vengeful Apache hags, and of the "Citz" of Sardine-box City, Arizona /

Bibliographic Details
Main Author: Hall, Samuel Stone, 1838-1886
Format: Book
Language:English
Published: New York : Beadle and Adams, 1883.
Series:Beadle's half dime library ; no. 318.
Beadle's dime novels ; 1/2DL-318.

MARC

Tag First Indicator Second Indicator Subfields
LEADER 00000cam a2200000 i 4500
001 in00001365513
005 20151006075235.0
008 801230r19811883miua a 000 1 eng d
035 |a (OCoLC)07039676 
035 |9 AHJ0678AM 
037 |a CL0054000006  |b University Microfilms International 
037 |b University Microfilms International, 300 N. Zeeb Rd., Ann Arbor, MI 48106 
040 |a UMI  |c UMI  |d UtOrBLW 
049 |a TXAI 
090 |a PS1779.H37  |b K46 
099 |a film  |a B  |a 3866 
100 1 |a Hall, Samuel Stone,  |d 1838-1886. 
245 1 0 |a Ker-whoop, ker-whoo! :  |b or, The Tarantula of Taos on the war-path. A tale of vengeful Apache hags, and of the "Citz" of Sardine-box City, Arizona /  |c by "Buckskin Sam" - Major Sam S. Hall. 
264 1 |a New York :  |b Beadle and Adams,  |c 1883. 
300 |a 16 pages :  |b illustrations 
336 |a text  |b txt  |2 rdacontent 
337 |a microform  |b h  |2 rdamedia 
338 |a microfilm reel  |b hd  |2 rdacarrier 
490 1 |a Beadle's half dime library ;  |v no. 318 
500 |a Later edition published under title: Arizona giant George. 
500 |a Sequel to: The tarantula of Taos. 
500 |a Microfilm. Ann Arbor, Mich. : University Microfilms International, 1981. -- 1 reel ; 35 mm. -- (Dime novels ; Unit 6 ; 318-1/2DL : reel 60:63). 
500 |a Microform. 
830 0 |a Beadle's half dime library ;  |v no. 318. 
830 0 |a Beadle's dime novels ;  |v 1/2DL-318. 
999 |a MARS 
999 f f |s abd20a07-f5f4-3cb7-8e64-caf77d522f61  |i 4f474da9-0622-388f-b5d8-d1987a887903  |t 0 
952 f f |p default  |a Texas A&M University  |b College Station  |c Sterling C. Evans Library  |d Evans: Microforms (3rd floor)  |t 0  |e film B 3866 reel 60:63  |h Other scheme  |i microform -- microfilm reel 
998 f f |a film B 3866 reel 60:63  |t 0  |l Evans: Microforms (3rd floor)